000 01209nam a2200325 i 4500
003 EG-GICUC
005 20260502081709.0
008 260502s1996 ua ||||fr|||| 00| 0 ara d
017 _a1976/5081
020 _a9773060357
040 _a EG-GICUC
_bara
_c EG-GICUC
_d EG-GICUC
_erda
041 0 _aara
082 0 4 _221
_a345.8223
_bس ل . ق
092 0 4 _221
099 _aLaw1 07 345.8223 س ل . ق 1996
100 0 _aسليمان محمد الطماوي
_eمؤلف.
245 1 2 _aالقضاء الاداري .
_nالكتاب الأول:
_pقضاء الإلغاء /
_cالدكتور سليمان محمد الطماوي .
264 _aالقاهرة :
_bدار الفكر العربي،
_c1996.
300 _a1056 صفحة ؛
_c24 سم.
_bإيضاحيات، صور، مثيليات ؛
336 _2rda content
_atext
337 _2rda media
_aComputer
338 _2rda carrier
_aOnline Resource
504 _a. 240-220 ببليوجرافيا: صفحات.
546 _aالنص باللغة العربية
650 1 4 _aالقانون الإداري
_2qrmak
651 1 _2qrmak
856 4 0 _uhttps://fll.law.cu.edu.eg/fulltext/bks/B07-03809.pdf
905 _a30
942 _2ddc
_cBK
_e21
_n0
999 _c74711
_d74711